| 000 | 00462nam a2200157 i 4500 | ||
|---|---|---|---|
| 001 | 51885 | ||
| 003 | ES-MaACL | ||
| 007 | t| | ||
| 008 | 030820s1954 sp ||||1| spa d | ||
| 100 | 1 |
_aDaroca, Agustín. _942745 |
|
| 245 | 1 | 0 |
_aTrucos de mi repertorio / _cpor A. Daroca. |
| 250 | _a[1ª ed.]. | ||
| 260 |
_a[S.l. : _bs.n., _c1954] ( _eSanta Cruz de Tenerife : _fTalls. Tip. Sans) |
||
| 300 |
_a120 p. : _bil. ; _c22 cm. |
||
| 852 |
_aES-MaACL _jC-8755 _bR.36758 |
||
| 999 |
_c51885 _d51885 |
||